000 00664cam a22002054a 4500
001 sa 66006688
003 DLC
005 20260227112258.0
008 890912s1966 ii a 000 0 hino
010 _asa 66006688
035 _a(OCoLC)20331381
040 _aDLC
_cDLC
050 0 0 _aPK2098.32.R313
_bA73 1966
100 1 _aPrabhākara, Manohara,
_d1932-
245 1 0 _aĀpa bītī :
_braṅga aura vyaṅga se bharapūra caudaha cuṭīle lekhoṃ kā saṅkalana /
_clekhaka, Manohara Prabhākara.
260 _aJayapura :
_bKalyāṇamala eṇḍa Sansa,
_c1966.
300 _a85 p. :
_bill. ;
_c19 cm.
546 _aIn Hindi.
650 0 _aHindi wit and humor.
999 _c70654
_d70654